[Event "East Lansing (MI Op/6/25)"]
[Site "?"]
[Date "1985.??.??"]
[Round "?"]
[White "Brattin, Vincent"]
[Black "Almquist, W.."]
[Result "0-1"]
[WhiteElo "1890"]
[BlackElo "1735"]
[PlyCount "60"]
[EventDate "1985.??.??"]

{6/(25)} 1. e4 c5 2. d4 cxd4 3. c3 dxc3 4. Nxc3 d6 5. Bc4 e6 6. Nf3 Nc6 7. O-O
Nf6 8. e5 Nxe5 9. Nxe5 dxe5 10. Qf3 Qc7 11. Bb5+ Bd7 12. Bg5 Bxb5 13. Nxb5 Qb6
14. Bxf6 Qxb5 15. a4 Qd5 16. Qxd5 exd5 17. Bxe5 f6 18. Bg3 Bb4 19. Rfd1 Rd8 20.
Rac1 O-O 21. Rd4 a5 22. Kf1 Rc8 23. Rcd1 Rc2 24. Rxd5 Rxb2 25. Rb5 Re8 26. Rxb7
Ra2 27. f3 Rxa4 28. Rdd7 Ra1+ 29. Be1 Raxe1+ 30. Kf2 R1e7 0-1

[Event "East Detroit (MCO/3/53)"]
[Site "?"]
[Date "1985.??.??"]
[Round "?"]
[White "Branscum, J.."]
[Black "Varner, M.."]
[Result "0-1"]
[WhiteElo "1605"]
[BlackElo "1605"]
[PlyCount "68"]
[EventDate "1985.??.??"]

{3/(53)} 1. e4 e5 2. Nf3 Nc6 3. Bc4 h6 4. d4 exd4 5. Nxd4 Bc5 6. Be3 Nxd4 7.
Bxd4 Bxd4 8. Qxd4 Qf6 9. Qc3 Qxc3+ 10. Nxc3 Ne7 11. Nb5 O-O 12. Nxc7 Rb8 13.
O-O a6 14. Rad1 b5 15. Bb3 Rd8 16. Rd3 Ng6 17. Nd5 a5 18. a3 b4 19. a4 Ba6 20.
Rfd1 Bxd3 21. Rxd3 Ne5 22. Rg3 Kh7 23. Ne7 Re8 24. Nf5 g6 25. Nd6 Rf8 26. Nb5
Rbc8 27. Nd4 Nc4 28. Bxc4 Rxc4 29. c3 bxc3 30. bxc3 Rxc3 31. Rxc3 Rb8 32. Nb3
Rb4 33. Nxa5 Rb1+ 34. Rc1 Rxc1# 0-1

[Event "East Detroit (MCO/2/51)"]
[Site "?"]
[Date "1985.??.??"]
[Round "?"]
[White "Branscum, J.."]
[Black "Thomas, Jeff"]
[Result "0-1"]
[WhiteElo "1605"]
[BlackElo "1605"]
[PlyCount "102"]
[EventDate "1985.??.??"]

{2/(51)} 1. d4 d5 2. Nf3 c5 3. Nc3 Bg4 4. e3 e6 5. Bb5+ Nd7 6. dxc5 Bxc5 7. e4
a6 8. Bxd7+ Qxd7 9. exd5 Rd8 10. dxe6 Qxe6+ 11. Qe2 Qxe2+ 12. Nxe2 Bxf3 13.
gxf3 Ne7 14. Be3 Bxe3 15. fxe3 Nf5 16. e4 Nh4 17. Rf1 O-O 18. c3 f5 19. e5 f4
20. Nd4 Rfe8 21. e6 Ng2+ 22. Kf2 Ne3 23. Rg1 Nc2 24. e7 Rxe7 25. Rad1 Nxd4 26.
cxd4 Red7 27. Rge1 Rxd4 28. Rxd4 Rxd4 29. Re4 Rd2+ 30. Re2 Rxe2+ 31. Kxe2 g5
32. Kd3 Kf7 33. Kc4 Ke6 34. Kc5 Ke5 35. Kb6 Kd4 36. a4 Ke3 37. a5 Kxf3 38. Kxb7
Kg2 39. Kxa6 f3 40. Kb6 f2 41. a6 f1=Q 42. a7 Qf3 43. b4 Kxh2 44. Kc7 Qa8 45.
Kb6 g4 46. Ka6 Qc6+ 47. Ka5 Qb7 48. b5 Qxa7+ 49. Kb4 g3 50. b6 Qxb6+ 51. Ka4 g2
0-1

[Event "East Detroit (MCO/6/39)"]
[Site "?"]
[Date "1985.??.??"]
[Round "?"]
[White "Branscum, J.."]
[Black "Garth, K.."]
[Result "1-0"]
[WhiteElo "1605"]
[BlackElo "1655"]
[PlyCount "25"]
[EventDate "1985.??.??"]

{6/(39)} 1. e4 e6 2. d4 d5 3. Nc3 Bb4 4. Bd2 Ne7 5. Nf3 b6 6. Bd3 O-O 7. O-O
Bb7 8. Ne5 c5 9. dxc5 bxc5 10. Qg4 Nd7 11. Nxd7 Qxd7 12. Bh6 dxe4 13. Qxg7# 1-0

[Event "East Lansing (MI Op/6/26)"]
[Site "?"]
[Date "1985.??.??"]
[Round "?"]
[White "Braak, Dairen"]
[Black "Morneau, F.."]
[Result "1-0"]
[WhiteElo "1870"]
[BlackElo "1660"]
[PlyCount "71"]
[EventDate "1985.??.??"]

{6/(26)} 1. e4 e5 2. Nf3 Nc6 3. Bb5 a6 4. Ba4 Nf6 5. O-O b5 6. Bb3 Be7 7. Re1
O-O 8. c3 d5 9. exd5 Nxd5 10. a4 Be6 11. d3 Bf6 12. Bc2 Qd7 13. Bg5 Bg4 14.
Bxf6 Nxf6 15. Nbd2 Rad8 16. axb5 axb5 17. Qc1 Rfe8 18. Ng5 h6 19. Nge4 Nxe4 20.
Nxe4 Qe7 21. Qe3 f5 22. Nd2 f4 23. Qe4 Qd7 24. d4 exd4 25. Qh7+ Kf8 26. Bg6 Re6
27. Qh8+ Ke7 28. Qxg7+ Kd6 29. Ne4+ Rxe4 30. Qxd7+ Bxd7 31. Rxe4 Ne5 32. Rxd4+
Ke6 33. Bc2 Rg8 34. Bb3+ Nc4 35. Bxc4+ bxc4 36. Re1+ 1-0

[Event "East Lansing (MI Op/3/20)"]
[Site "?"]
[Date "1985.??.??"]
[Round "?"]
[White "Braak, Dairen"]
[Black "Forte, Joe"]
[Result "0-1"]
[WhiteElo "1870"]
[BlackElo "2035"]
[PlyCount "96"]
[EventDate "1985.??.??"]

{3/(20)} 1. d4 Nf6 2. Nf3 g6 3. e3 Bg7 4. Bd3 O-O 5. O-O c5 6. c4 Na6 7. Nc3
cxd4 8. exd4 d5 9. Ne5 Nb4 10. Be3 Nxd3 11. Qxd3 Bf5 12. Qe2 dxc4 13. Qxc4 Rc8
14. Qe2 Nd5 15. Rfc1 Nxc3 16. bxc3 Qa5 17. Bd2 Qd5 18. Re1 Rfe8 19. Qe3 f6 20.
Nd3 e5 21. Nb4 Qb5 22. a4 Qd7 23. a5 exd4 24. Qxd4 Qxd4 25. cxd4 Bd7 26. Be3 f5
27. Rad1 Kf7 28. Nd3 Bb5 29. Nc5 b6 30. axb6 axb6 31. Nb7 Bf8 32. Rb1 Bd3 33.
Rb3 Bc4 34. Rxb6 f4 35. Bd2 Rxe1+ 36. Bxe1 Bd3 37. Bd2 g5 38. h3 Rc2 39. Ba5
Be4 40. Nd6+ Bxd6 41. Rxd6 Rc1+ 42. Kh2 Rc2 43. Rd7+ Ke6 44. Rb7 Kf6 45. Rc7
Rxf2 46. Bc3 Rxg2+ 47. Kh1 Kg6 48. Rc5 f3 0-1

[Event "East Lansing (MI Op/5/28)"]
[Site "?"]
[Date "1985.??.??"]
[Round "?"]
[White "Braak, Dairen"]
[Black "Boes, Jeff"]
[Result "1-0"]
[WhiteElo "1870"]
[BlackElo "1805"]
[PlyCount "33"]
[EventDate "1985.??.??"]

{5/(28)} 1. e4 e5 2. Nf3 Nf6 3. Nxe5 d6 4. Nf3 Nxe4 5. d4 d5 6. Bd3 Bd6 7. Nbd2
O-O 8. O-O Re8 9. Re1 Bf5 10. Nf1 c5 11. Ng3 Nxg3 12. Rxe8+ Qxe8 13. hxg3 Bxd3
14. Qxd3 Qe4 15. Qb5 Qe7 16. Bf4 Bxf4 17. Re1 1-0

[Event "East Lansing (MI Op/1a/5)"]
[Site "?"]
[Date "1985.??.??"]
[Round "?"]
[White "Braak, Dairen"]
[Black "Arganian, David G"]
[Result "0-1"]
[WhiteElo "1870"]
[BlackElo "2125"]
[PlyCount "40"]
[EventDate "1985.??.??"]

1. d4 e6 2. Nf3 c5 3. c4 d5 4. cxd5 exd5 5. Nc3 Nf6 6. Bg5 cxd4 7. Bxf6 gxf6 8.
Qxd4 Be6 9. Qa4+ Nc6 10. Rd1 Bg7 11. e4 Qe7 12. Nxd5 Bxd5 13. Rxd5 O-O 14. Nh4
Rfd8 15. Nf5 Qe6 16. Rxd8+ Rxd8 17. f3 Qd7 18. Kf2 Bf8 19. f4 Bc5+ 20. Kf3 Ne5+
0-1

[Event "East Detroit (MCO/3/16)"]
[Site "?"]
[Date "1985.??.??"]
[Round "?"]
[White "Bohley, D.."]
[Black "Kung, Fred"]
[Result "1/2-1/2"]
[WhiteElo "2070"]
[BlackElo "1740"]
[PlyCount "72"]
[EventDate "1985.??.??"]

{3/(16)} 1. e4 e5 2. Nf3 Nc6 3. Bb5 a6 4. Bxc6 dxc6 5. Nc3 Bd6 6. d4 Bg4 7.
dxe5 Bxf3 8. Qxf3 Bxe5 9. Bf4 Qf6 10. Bxe5 Qxe5 11. O-O-O Nf6 12. h3 O-O 13.
Qe3 Rfe8 14. Rhe1 Rad8 15. Rxd8 Rxd8 16. f4 Qd4 17. Qe2 Re8 18. Rd1 Qc5 19. Qf3
h6 20. e5 Nh7 21. Ne4 Qe7 22. Qg4 Nf8 23. Nf6+ Kh8 24. Nxe8 Qxe8 25. Qf5 Kg8
26. g4 Ne6 27. h4 Qe7 28. h5 Qc5 29. c3 Qf2 30. Kb1 Kf8 31. Qh7 Qxf4 32. Qh8+
Ke7 33. Qc8 Qxe5 34. Qd7+ Kf8 35. Qc8+ Ke7 36. Qd7+ Kf8 1/2-1/2

[Event "East Detroit (MCO/5/10)"]
[Site "?"]
[Date "1985.??.??"]
[Round "?"]
[White "Bohley, D.."]
[Black "Eagle, Chris"]
[Result "1/2-1/2"]
[WhiteElo "2070"]
[BlackElo "1960"]
[PlyCount "70"]
[EventDate "1985.??.??"]

{5/(10)} 1. e4 e5 2. Nf3 Nc6 3. Bb5 a6 4. Bxc6 dxc6 5. Nc3 Bg4 6. h3 Bh5 7. g4
Bg6 8. Nxe5 Qd4 9. Nxg6 hxg6 10. d3 Bb4 11. Bd2 O-O-O 12. Qe2 f5 13. O-O-O f4
14. Qf3 g5 15. Ne2 Bxd2+ 16. Rxd2 Qd6 17. d4 Ne7 18. Nc3 Ng6 19. Qd3 Qe6 20. e5
Ne7 21. Qe4 Rh6 22. f3 Rdh8 23. Rdh2 Kd8 24. b3 Nd5 25. Qd3 Nxc3 26. Qxc3 g6
27. Qd3 R8h7 28. Qe4 Qd5 29. c4 Qxe4 30. fxe4 Ke7 31. Kd2 Ke6 32. b4 Rh8 33. c5
R6h7 34. Kc3 b5 35. a3 Rh4 1/2-1/2

[Event "East Detroit (MCO/1/15)"]
[Site "?"]
[Date "1985.??.??"]
[Round "?"]
[White "Bohley, D.."]
[Black "Becker, A.."]
[Result "1-0"]
[WhiteElo "2070"]
[BlackElo "1605"]
[PlyCount "87"]
[EventDate "1985.??.??"]

{1/(15)} 1. e4 c5 2. c3 e6 3. d4 d5 4. e5 a6 5. a4 Nc6 6. Nf3 h6 7. dxc5 Bxc5
8. Bd3 Nge7 9. O-O O-O 10. Nbd2 Bb6 11. Nb3 Bc7 12. Qe2 Bb8 13. Nbd4 Qc7 14.
Re1 Nxd4 15. cxd4 Nc6 16. Bd2 Qb6 17. Bc3 Ba7 18. Bc2 Ne7 19. a5 Qc7 20. Rec1
Bd7 21. Bb4 Bc6 22. Bd6 Qd7 23. Qd3 g6 24. Qe3 Kg7 25. Qf4 f6 26. exf6+ Rxf6
27. Be5 Raf8 28. g4 g5 29. Qe3 Ng6 30. Bxf6+ Rxf6 31. Bxg6 Rxg6 32. Ne5 Qe8 33.
Nxg6 Qxg6 34. Qe5+ Qf6 35. Qxf6+ Kxf6 36. Rd1 Bb5 37. Rd2 e5 38. dxe5+ Kxe5 39.
Re1+ Kf4 40. h3 d4 41. Re7 Bc6 42. Rde2 Kf3 43. Kf1 d3 44. Rf7# 1-0

[Event "East Lansing (MI Op/4/32)"]
[Site "?"]
[Date "1985.??.??"]
[Round "?"]
[White "Boes, Jeff"]
[Black "Mason, A.."]
[Result "1-0"]
[WhiteElo "1805"]
[BlackElo "1725"]
[PlyCount "61"]
[EventDate "1985.??.??"]

{4/(32)} 1. e4 c6 2. d4 d5 3. Nc3 dxe4 4. Nxe4 Bf5 5. Ng3 Bg6 6. h4 h6 7. h5
Bh7 8. Nf3 Nd7 9. Bd3 Bxd3 10. Qxd3 e6 11. Bf4 Ngf6 12. Ne4 Nxe4 13. Qxe4 Nf6
14. Qd3 Qa5+ 15. Bd2 Bb4 16. c3 Bd6 17. b4 Qd8 18. O-O-O O-O 19. Rdg1 Nh7 20.
g4 Ng5 21. Nxg5 hxg5 22. f4 Be7 23. f5 exf5 24. gxf5 Qd6 25. h6 gxh6 26. Bxg5
Bxg5+ 27. Rxg5+ hxg5 28. f6 Qf4+ 29. Kb1 Rfe8 30. Qh7+ Kf8 31. Qh8# 1-0

[Event "East Lansing (MI Op/6/30)"]
[Site "?"]
[Date "1985.??.??"]
[Round "?"]
[White "Boes, Jeff"]
[Black "Jordan, Willie"]
[Result "1/2-1/2"]
[WhiteElo "1805"]
[BlackElo "1780"]
[PlyCount "55"]
[EventDate "1985.??.??"]

{6/(30)} 1. e4 Nf6 2. e5 Nd5 3. c4 Nb6 4. d4 d6 5. f4 dxe5 6. fxe5 Nc6 7. Be3
Bf5 8. Nf3 e6 9. Nc3 Bb4 10. a3 Bxc3+ 11. bxc3 a6 12. d5 exd5 13. Bxb6 cxb6 14.
cxd5 Nxe5 15. Nxe5 Qe7 16. Qe2 O-O 17. Nc4 Qf6 18. Qf3 Rfe8+ 19. Kf2 Qg6 20.
Be2 Be4 21. Qg3 Qf6+ 22. Kg1 Bxd5 23. Rf1 Qc6 24. Ne5 Rxe5 25. Qxe5 Re8 26. Qf4
Rxe2 27. Qb8+ Re8 28. Qf4 1/2-1/2

[Event "East Lansing (MI Op/2/27)"]
[Site "?"]
[Date "1985.??.??"]
[Round "?"]
[White "Boes, Jeff"]
[Black "Eagle, Chris"]
[Result "0-1"]
[WhiteElo "1805"]
[BlackElo "1940"]
[PlyCount "110"]
[EventDate "1985.??.??"]

{2/(27)} 1. e4 e5 2. Nf3 Nc6 3. Bc4 Bc5 4. O-O Nf6 5. d4 exd4 6. e5 d5 7. exf6
dxc4 8. Re1+ Be6 9. Ng5 Qd5 10. Nc3 Qf5 11. Nce4 O-O-O 12. g4 Qxg4+ 13. Qxg4
Bxg4 14. Nxc5 gxf6 15. Nge4 Ne5 16. Kg2 Bf3+ 17. Kf1 d3 18. cxd3 cxd3 19. Nd2
Bg4 20. Re3 Rhg8 21. Rg3 f5 22. f4 Be2+ 23. Ke1 Ng4 24. h3 b6 25. Na4 Nf6 26.
Rxg8 Rxg8 27. Kf2 Ne4+ 28. Nxe4 fxe4 29. Nc3 Bf3 30. f5 Rg2+ 31. Ke3 Rh2 32.
Bd2 b5 33. b4 a5 34. a3 c5 35. bxc5 b4 36. axb4 axb4 37. Nxe4 Bxe4 38. Kxe4
Rxd2 39. Rb1 Rh2 40. Kxd3 Rxh3+ 41. Ke4 Kb7 42. Ke5 b3 43. Kf6 Rf3 44. Ke5 Kc6
45. Ke4 Rh3 46. Ke5 h5 47. Kf6 Rf3 48. Kg5 Kxc5 49. Kxh5 Kb4 50. Kg4 Rf2 51.
Kg5 b2 52. Kf6 Kb3 53. Kxf7 Rxf5+ 54. Ke6 Rf2 55. Kd5 Kc2 0-1

[Event "Midwest Masters"]
[Site "Chicago"]
[Date "1985.??.??"]
[Round "2"]
[White "Bisguier, Arthur"]
[Black "Finegold, Ben"]
[Result "1-0"]
[WhiteElo "2440"]
[BlackElo "2245"]
[PlyCount "35"]
[EventDate "1985.??.??"]

1. d4 Nf6 2. c4 e6 3. Nc3 Bb4 4. Nf3 b6 5. e3 Bb7 6. Bd3 Ne4 7. O-O f5 8. Ne2
O-O 9. b3 Ng5 10. Nxg5 Qxg5 11. e4 Qh4 12. exf5 exf5 13. Bb2 Bd6 14. f4 Qg4 15.
Ng3 Bxf4 16. Bxf5 Qg5 17. Qd3 h5 18. Bc1 1-0

[Event "East Lansing (MI Op/2/20)"]
[Site "?"]
[Date "1985.??.??"]
[Round "?"]
[White "Beydoun, N.."]
[Black "Huttar, C.."]
[Result "0-1"]
[WhiteElo "1975"]
[BlackElo "1825"]
[PlyCount "56"]
[EventDate "1985.??.??"]

{2/(20)} 1. e4 e5 2. Nf3 Nc6 3. Bb5 a6 4. Ba4 Nf6 5. O-O Be7 6. Re1 d6 7. h3
O-O 8. c3 b5 9. Bc2 Na5 10. d4 exd4 11. cxd4 Be6 12. d5 Bc8 13. Nd4 c5 14. Ne2
Nc4 15. f4 Bb7 16. g4 Nd7 17. g5 f6 18. h4 fxg5 19. hxg5 Rf7 20. Ng3 Qf8 21. e5
Rxf4 22. Bxh7+ Kxh7 23. Qh5+ Kg8 24. g6 Rh4 25. Qf5 Ndxe5 26. Qe6+ Kh8 27. Nf5
Bc8 28. Nxh4 Bxe6 0-1

[Event "East Lansing (MI Op/4/22)"]
[Site "?"]
[Date "1985.??.??"]
[Round "?"]
[White "Beydoun, N.."]
[Black "Halstead, Kevin"]
[Result "1-0"]
[WhiteElo "1995"]
[BlackElo "1825"]
[PlyCount "61"]
[EventDate "1985.??.??"]

{4/(22)} 1. e4 c5 2. Nf3 Nc6 3. d4 cxd4 4. Nxd4 Nf6 5. Nc3 d6 6. Bc4 Na5 7. Be2
e6 8. Be3 a6 9. a4 Be7 10. Qd2 Bd7 11. g4 h6 12. h4 Rc8 13. f3 Nc4 14. Bxc4
Rxc4 15. O-O-O e5 16. Nf5 Bxf5 17. exf5 Qc7 18. g5 hxg5 19. hxg5 Rxh1 20. Rxh1
Nd7 21. Rh8+ Bf8 22. Nd5 Qc6 23. b3 Rc5 24. Bxc5 Qxc5 25. f6 gxf6 26. Nxf6+
Nxf6 27. gxf6 d5 28. Kb2 Kd7 29. Qg5 d4 30. Qf5+ Kc6 31. Qc8+ 1-0

[Event "East Detroit (MCO/3/48)"]
[Site "?"]
[Date "1985.??.??"]
[Round "?"]
[White "Becker, A.."]
[Black "Nelson, M.."]
[Result "1-0"]
[WhiteElo "1605"]
[BlackElo "1605"]
[PlyCount "95"]
[EventDate "1985.??.??"]

{3/(48)} 1. Nf3 d5 2. d4 Bg4 3. e3 Nc6 4. c4 e6 5. a3 Nf6 6. Nc3 Be7 7. Bd3 O-O
8. O-O Re8 9. Re1 Qd7 10. h3 Bxf3 11. Qxf3 a6 12. cxd5 exd5 13. b4 Rad8 14. Bb2
Bf8 15. Re2 Qd6 16. Rae1 g6 17. Nb1 Re6 18. Nd2 Nb8 19. e4 dxe4 20. Nxe4 Nxe4
21. Bxe4 c6 22. Qc3 Bg7 23. Bf3 Rxe2 24. Rxe2 Bxd4 25. Qxd4 Qxd4 26. Bxd4 Rxd4
27. Re8+ Kg7 28. Rxb8 Rd7 29. a4 Kf6 30. b5 axb5 31. axb5 cxb5 32. Rxb7 Rxb7
33. Bxb7 Ke5 34. Ba6 b4 35. Bc4 f5 36. g3 Kd4 37. Bg8 h6 38. Kf1 Kc3 39. Ke2 b3
40. Bxb3 Kxb3 41. Ke3 Kc3 42. g4 fxg4 43. hxg4 Kc4 44. Ke4 g5 45. Kf5 Kd4 46.
Kg6 Ke4 47. Kxh6 Kf4 48. f3 1-0

[Event "East Detroit (MCO/4/37)"]
[Site "?"]
[Date "1985.??.??"]
[Round "?"]
[White "Becker, A.."]
[Black "Galazyn, R.."]
[Result "1-0"]
[WhiteElo "1605"]
[BlackElo "1605"]
[PlyCount "73"]
[EventDate "1985.??.??"]

{4/(37)} 1. d4 d5 2. c4 e6 3. e3 Nf6 4. Nc3 Be7 5. Nf3 Bb4 6. Bd2 a6 7. cxd5
Bxc3 8. bxc3 exd5 9. Bd3 O-O 10. O-O Be6 11. Qc2 g6 12. Rab1 b5 13. a4 c6 14.
Ne5 Ne4 15. Bxe4 dxe4 16. Ra1 f5 17. axb5 cxb5 18. Rfb1 Qc7 19. Rxb5 Nd7 20.
Nxd7 Bxd7 21. Rc5 Qd6 22. Qa2+ Kg7 23. Qd5 Rf6 24. Qxa8 Bb5 25. Qd5 Qe7 26. Qe5
Qd8 27. Qc7+ Qxc7 28. Rxc7+ Kh6 29. f3 Bd3 30. d5 Rb6 31. c4 Rb2 32. Bc3 Rc2
33. Bd4 Bxc4 34. d6 exf3 35. gxf3 f4 36. d7 fxe3 37. Bxe3+ 1-0

[Event "East Lansing (MI Op/6/11)"]
[Site "?"]
[Date "1985.??.??"]
[Round "?"]
[White "Baze, Lineas"]
[Black "Skidmore, Mike"]
[Result "0-1"]
[WhiteElo "2060"]
[BlackElo "1860"]
[PlyCount "72"]
[EventDate "1985.??.??"]

{6/(11)} 1. e4 c6 2. Nf3 d5 3. exd5 cxd5 4. Be2 Bf5 5. Nd4 Bg6 6. Nc3 Nf6 7. f4
e6 8. Bb5+ Nbd7 9. Nf3 Be7 10. d4 O-O 11. O-O Rc8 12. Bd3 Bxd3 13. Qxd3 Bb4 14.
Ne2 Qc7 15. c3 Bd6 16. Ne5 Ne4 17. Nxd7 Qxd7 18. Be3 f5 19. Kh1 Rf6 20. Rf3 Rh6
21. Rg1 g5 22. Rh3 Qg7 23. fxg5 Rxh3 24. gxh3 f4 25. h4 fxe3 26. Qxe3 Rf8 27.
Ng3 Bxg3 28. hxg3 Qf7 29. Rg2 Nf2+ 30. Kg1 Ng4 31. Qe2 Qf5 32. Qe1 e5 33. Re2
e4 34. c4 e3 35. cxd5 Nf2 36. Qa5 Qh3 0-1

[Event "East Lansing (MI Op/2/15)"]
[Site "?"]
[Date "1985.??.??"]
[Round "?"]
[White "Baze, Lineas"]
[Black "Richburg, J.."]
[Result "1/2-1/2"]
[WhiteElo "2060"]
[BlackElo "1650"]
[PlyCount "66"]
[EventDate "1985.??.??"]

{2/(15)} 1. c4 Nf6 2. Nc3 c5 3. Nf3 g6 4. d4 cxd4 5. Nxd4 Bg7 6. e3 O-O 7. Be2
Nc6 8. O-O a6 9. b3 d6 10. Bb2 Bd7 11. Qd2 Re8 12. Bf3 Rb8 13. Ne4 Nxe4 14.
Bxe4 Qc7 15. Nf3 Qa5 16. Qe2 Bxb2 17. Qxb2 b5 18. cxb5 axb5 19. Rfc1 Rec8 20.
Rd1 Bg4 21. h3 Bd7 22. Ng5 Be8 23. Qe2 h6 24. Nf3 Qa3 25. Nd4 Nb4 26. Qg4 Rc7
27. Bxg6 fxg6 28. Ne6 Rc2 29. Qd4 Kf7 30. Nf4 Rbc8 31. Qe4 Kf8 32. Qd4 Kg8 33.
Ne6 Kf7 1/2-1/2

[Event "East Lansing (MI Op/4/17)"]
[Site "?"]
[Date "1985.??.??"]
[Round "?"]
[White "Baze, Lineas"]
[Black "Martin, S.."]
[Result "1/2-1/2"]
[WhiteElo "2060"]
[BlackElo "1730"]
[PlyCount "73"]
[EventDate "1985.??.??"]

{4/(17)} 1. c4 Nf6 2. Nc3 g6 3. g3 Bg7 4. Bg2 O-O 5. Nf3 d6 6. O-O e5 7. d3 Nc6
8. Bg5 h6 9. Bd2 Re8 10. e4 Bg4 11. Qc1 Kh7 12. h3 Bxf3 13. Bxf3 Nd4 14. Bg2
Ng8 15. Qd1 Ne7 16. Ne2 Nec6 17. Nxd4 Nxd4 18. Be3 c5 19. Bxd4 exd4 20. f4 Qe7
21. Qf3 Rab8 22. f5 gxf5 23. Qxf5+ Kg8 24. Rf3 Qe6 25. Raf1 Qxf5 26. Rxf5 Re7
27. Bf3 Re5 28. Bh5 Rxf5 29. Rxf5 Rf8 30. Kg2 Be5 31. Bd1 Re8 32. a3 Re6 33.
Rf2 Kg7 34. b4 b6 35. Rb2 Rg6 36. g4 h5 37. Rf2 1/2-1/2

[Event "East Lansing (MI Op/6/17)"]
[Site "?"]
[Date "1985.??.??"]
[Round "?"]
[White "Baudry, Pascal"]
[Black "Mitchell, S.."]
[Result "1/2-1/2"]
[WhiteElo "2030"]
[BlackElo "1960"]
[PlyCount "162"]
[EventDate "1985.??.??"]

{6/(17)} 1. e3 g6 2. d4 Bg7 3. Nf3 d6 4. b3 Nf6 5. Bb2 O-O 6. Be2 e5 7. dxe5
Ng4 8. Nc3 Nxe5 9. Qd2 Nbc6 10. O-O-O Nxf3 11. Bxf3 Ne5 12. Be2 Be6 13. h3 Qe7
14. f4 Nd7 15. h4 f5 16. h5 Nf6 17. hxg6 hxg6 18. Bf3 Rab8 19. Rde1 Qf7 20. g3
Rfe8 21. Qh2 Kf8 22. e4 Nxe4 23. Nxe4 Bxb2+ 24. Kxb2 fxe4 25. Qh8+ Ke7 26. Qh4+
Qf6+ 27. Qxf6+ Kxf6 28. Rxe4 c6 29. Rh7 Rh8 30. Rc7 d5 31. Re5 g5 32. Rxg5 Rhg8
33. Rxg8 Rxg8 34. g4 Bxg4 35. Bxg4 Rxg4 36. Rxb7 Rxf4 37. Rxa7 Ke5 38. Rc7 Kd6
39. Rh7 Kc5 40. Rh3 Rg4 41. Rc3+ Kb6 42. Rd3 Kc5 43. Rc3+ Kb6 44. a3 Rh4 45. b4
Rg4 46. Kb3 Rh4 47. a4 Rg4 48. a5+ Kb7 49. Rc5 Rg3+ 50. Ka4 Rg4 51. Rc3 Rh4 52.
Kb3 Rh1 53. Rg3 Rb1+ 54. Ka3 Ka6 55. Rb3 Rh1 56. Rc3 Kb7 57. Rg3 Rh7 58. Kb3
Rf7 59. Kc3 Rh7 60. Rg4 Ka6 61. Kd4 Kb5 62. c3 Rh3 63. Rg8 Rh4+ 64. Kd3 Rh3+
65. Kc2 Kc4 66. Rg4+ Kb5 67. Rg6 Rh2+ 68. Kb3 Rh3 69. Rg8 Rh6 70. Rb8+ Ka6 71.
Rb6+ Ka7 72. b5 d4 73. bxc6 Rh3 74. Kc4 dxc3 75. Kb3 c2+ 76. Kxc2 Rh5 77. Kb3
Rxa5 78. Rb7+ Ka8 79. Kb4 Ra6 80. Kb5 Rxc6 81. Rd7 Rh6 1/2-1/2

[Event "East Lansing (MI Op/3/22)"]
[Site "?"]
[Date "1985.??.??"]
[Round "?"]
[White "Baudry, Pascal"]
[Black "Gaba, H.."]
[Result "1-0"]
[WhiteElo "2030"]
[BlackElo "1825"]
[PlyCount "65"]
[EventDate "1985.??.??"]

{3/(22)} 1. e3 c5 2. f4 e6 3. Nf3 Nf6 4. b3 Nc6 5. Bb2 d5 6. Bb5 Bd7 7. O-O a6
8. Bxc6 Bxc6 9. Ne5 Nd7 10. Qh5 Qe7 11. f5 Nxe5 12. Bxe5 O-O-O 13. f6 Qe8 14.
fxg7 Bxg7 15. Bxg7 Rg8 16. Qxf7 d4 17. g3 dxe3 18. dxe3 Qxf7 19. Rxf7 Rd1+ 20.
Kf2 Be8 21. Rf8 Rxg7 22. Rxe8+ Kd7 23. Rf8 Rc1 24. Kg2 Rxc2+ 25. Rf2 Rc1 26.
Rf1 Rc2+ 27. Kg1 Re2 28. Nc3 Rxe3 29. Na4 Rg5 30. Nb6+ Kc6 31. Nc4 Re4 32. Rfe1
Rgg4 33. Ne5+ 1-0

[Event "Westland (MEX/1)"]
[Site "?"]
[Date "1985.??.??"]
[Round "?"]
[White "Baudry, Pascal"]
[Black "Bassin, C.."]
[Result "0-1"]
[WhiteElo "2030"]
[BlackElo "2120"]
[PlyCount "66"]
[EventDate "1985.??.??"]

1. e3 g6 2. d4 Bg7 3. Nf3 Nf6 4. b4 a5 5. b5 O-O 6. Nbd2 d6 7. Bb2 Nbd7 8. Be2
e5 9. dxe5 Ng4 10. Nd4 Ndxe5 11. h3 Nf6 12. O-O Re8 13. f4 Ned7 14. f5 Rxe3 15.
fxg6 fxg6 16. Nc4 Re7 17. b6 d5 18. Nb5 c6 19. Nc7 Rb8 20. Ba3 dxc4 21. Bxc4+
Kh8 22. Qd6 Ne4 23. Qxe7 Qxe7 24. Bxe7 Nxb6 25. Rad1 Bf5 26. Be6 Ng3 27. Rf3
Ne2+ 28. Kh1 Nd4 29. Re3 Nxe6 30. Nxe6 Nd5 31. Ree1 Bc3 32. Bd6 Re8 33. Rf1
Rxe6 0-1

[Event "East Lansing (MI Op/5/10)"]
[Site "?"]
[Date "1985.??.??"]
[Round "?"]
[White "Baudry, Pascal"]
[Black "Arganian, David G"]
[Result "0-1"]
[WhiteElo "2030"]
[BlackElo "2125"]
[PlyCount "94"]
[EventDate "1985.??.??"]

{5/(10)} 1. e3 Nf6 2. f4 d5 3. b3 Bg4 4. Be2 Bxe2 5. Qxe2 Nc6 6. Bb2 e6 7. Nf3
Bd6 8. d3 Qe7 9. Ne5 Bxe5 10. fxe5 Nd7 11. Qh5 g6 12. Qh6 Qf8 13. Qf4 Qb4+ 14.
Nd2 Qxf4 15. exf4 Nb4 16. O-O c5 17. Rfc1 Ke7 18. a3 Nc6 19. c4 Rhg8 20. Re1 h6
21. cxd5 exd5 22. Rac1 Ke6 23. g4 h5 24. g5 b5 25. b4 c4 26. dxc4 bxc4 27. b5
Ne7 28. Bd4 Nf5 29. Nf3 Rgc8 30. a4 Nc5 31. Bxc5 Rxc5 32. Rb1 Rb8 33. Rec1 d4
34. Rb4 Kd5 35. e6 fxe6 36. Ne5 d3 37. Rbxc4 Rxc4 38. Nxc4 Kd4 39. Ne5 d2 40.
Nc6+ Ke3 41. Rd1 Rb7 42. Kf1 Nd6 43. Ne5 Rc7 44. Nc6 Ne4 45. a5 Nc3 46. Rxd2
Kxd2 47. b6 axb6 0-1

[Event "East Detroit (MCO/3/36)"]
[Site "?"]
[Date "1985.??.??"]
[Round "?"]
[White "Bates, T.."]
[Black "Falkowski, Kenneth"]
[Result "1-0"]
[WhiteElo "1625"]
[BlackElo "1605"]
[PlyCount "113"]
[EventDate "1985.??.??"]

{3/(36)} 1. e4 c5 2. Nf3 d6 3. d4 cxd4 4. Nxd4 Nf6 5. Nc3 a6 6. Bc4 e6 7. Bb3
b5 8. O-O b4 9. Na4 Nxe4 10. f4 g6 11. f5 gxf5 12. Nxf5 exf5 13. Qd5 Be6 14.
Qxa8 Bg7 15. Be3 Bxb3 16. cxb3 O-O 17. Rxf5 Re8 18. Raf1 Qd7 19. Qd5 Qe6 20.
Qxe6 fxe6 21. Rf7 Rf8 22. Rxf8+ Bxf8 23. Rc1 Nd7 24. Rc4 d5 25. Rc6 Kf7 26.
Rxa6 e5 27. Ra7 Ke6 28. Kf1 d4 29. Bc1 d3 30. Ke1 h5 31. Be3 Nef6 32. h3 Nd5
33. Kd2 e4 34. Bd4 Bh6+ 35. Kd1 Ne3+ 36. Bxe3 Bxe3 37. Rb7 Nc5 38. Nxc5+ Bxc5
39. Kd2 Bf2 40. a4 Bg3 41. a5 Bf4+ 42. Kd1 e3 43. Rg7 Kf6 44. g3 e2+ 45. Ke1
Be5 46. Rg8 Bxb2 47. Re8 Bc3+ 48. Kf2 d2 49. Kxe2 Be5 50. Rxe5 Kxe5 51. a6 Ke4
52. a7 d1=Q+ 53. Kxd1 Kf3 54. a8=Q+ Kxg3 55. Ke2 h4 56. Qg8+ Kxh3 57. Kf2 1-0

[Event "East Detroit (MCO/5/14)"]
[Site "?"]
[Date "1985.??.??"]
[Round "?"]
[White "Bates, T.."]
[Black "Avery, Robert W"]
[Result "1/2-1/2"]
[WhiteElo "1620"]
[BlackElo "2170"]
[PlyCount "90"]
[EventDate "1985.??.??"]

{5/(14)} 1. e4 e5 2. Nf3 Nc6 3. Bb5 Bc5 4. c3 f5 5. Bxc6 bxc6 6. Nxe5 Ba6 7. d4
Qh4 8. Qf3 Bd6 9. Qxf5 Nf6 10. Bg5 Qxe4+ 11. Qxe4 Nxe4 12. Be3 c5 13. f3 Nf6
14. Nd2 cxd4 15. cxd4 Bb4 16. a3 Bxd2+ 17. Kxd2 d6 18. Nd3 Nd5 19. Rac1 Kd7 20.
Rhe1 Rhb8 21. b4 Bb5 22. Nf4 Nxf4 23. Bxf4 Re8 24. Rxe8 Rxe8 25. Re1 Rxe1 26.
Kxe1 Kc6 27. Kd2 Bf1 28. g3 Kb5 29. Bg5 Ka4 30. Bd8 Kxa3 31. Bxc7 Kxb4 32.
Bxd6+ Kc4 33. Be5 g6 34. Ke3 Kd5 35. Bc7 Bc4 36. h4 Bb3 37. g4 Bd1 38. Ba5 Bc2
39. Bc3 Kc4 40. Kd2 Bb1 41. h5 gxh5 42. gxh5 Bf5 43. h6 Bg6 44. Ba1 a5 45. Ke3
Kd5 1/2-1/2